00382nam a22001337a 450000500170000000800410001702000080005804100080006608200180007410000220009224500800011426000460019430000080024020180201123408.0160426b xxu||||| |||| 00| 0 eng d aN/A aeng b00172a004.16 aCady. Fredrick M. aMicrocontrollers and microcomputers: Principle of software & Hardware Engg. aNew DelhibOxford University Press,c2004 a252